Manual of traffic engineering studies (Record no. 33603)

000 -LEADER
fixed length control field 00526nam a22001937a 4500
001 - CONTROL NUMBER
control field 33603
003 - CONTROL NUMBER IDENTIFIER
control field BD-DhUET
008 - FIXED-LENGTH DATA ELEMENTS--GENERAL INFORMATION
fixed length control field 150917b xxu||||| |||| 00| 0 eng d
040 ## - CATALOGING SOURCE
Transcribing agency DLC
Modifying agency BD-DhUET
082 ## - DEWEY DECIMAL CLASSIFICATION NUMBER
Classification number 388.312
Item number CLE/1964
100 ## - MAIN ENTRY--PERSONAL NAME
Personal name Cleveland, Donald E.
245 ## - TITLE STATEMENT
Title Manual of traffic engineering studies
250 ## - EDITION STATEMENT
Edition statement 3rd ed.
260 ## - PUBLICATION, DISTRIBUTION, ETC. (IMPRINT)
Place of publication, distribution, etc. Woshington .D. C.
Name of publisher, distributor, etc. Institute of traffic Engineers
Date of publication, distribution, etc. 1964
300 ## - PHYSICAL DESCRIPTION
Extent xii, 187 p.
Other physical details ill
504 ## - BIBLIOGRAPHY, ETC. NOTE
Bibliography, etc Includes bibliographies
650 #0 - SUBJECT ADDED ENTRY--TOPICAL TERM
Topical term or geographic name as entry element Traffic engineering
942 ## - ADDED ENTRY ELEMENTS (KOHA)
Koha item type Edited Book
Holdings
Location (home branch) Koha date last seen Date acquired Piece designation (barcode) Koha item type Source of classification or shelving scheme Shelving location Withdrawn status Koha full call number Koha normalized classification for sorting Lost status Damaged status Not for loan Copy number Price effective from Sublocation or collection (holding branch)
Central Library, BUET2015-09-172015-09-1784362Edited Book Reference section 388.312/CLE/1964388_312000000000000_CLE_1964   12015-09-17Central Library, BUET
Central Library, BUET2017-03-252017-03-1222130Edited Book Circulation section 388.312/CLE/1964388_312000000000000_CLE_1964   22017-03-12Central Library, BUET
Central Library, BUET2017-03-122017-03-1222128Edited Book Circulation section 388.312/CLE/1964388_312000000000000_CLE_1964   32017-03-12Central Library, BUET
Central Library, BUET2017-03-122017-03-1222126Edited Book Circulation section 388.312/CLE/1964388_312000000000000_CLE_1964   42017-03-12Central Library, BUET
Central Library, BUET2017-03-122017-03-1222127Edited Book Circulation section 388.312/CLE/1964388_312000000000000_CLE_1964   52017-03-12Central Library, BUET
Central Library, BUET2017-03-122017-03-1222129Edited Book Circulation section 388.312/CLE/1964388_312000000000000_CLE_1964   62017-03-12Central Library, BUET